000 00563nam a2200181 a 4500
001 000016529
005 20200929164926.0
008 100308s1974 dr 000 0 spa d
040 _aDO-SdBNP
_bspa
_cBNPHU
082 _axxx
_bC793m
100 1 _aCorcoran, Thomas J.
_936772
245 1 0 _aManual de estereotipia /
_cThomas J. Corcoran.
260 _aSanto Domingo :
_bEditora del Caribe,
_c1974.
300 _a101 p. ;
_c23 cm.
490 1 _aBiblioteca básica para el periodismo
_v3
830 0 _aBiblioteca básica para el periodismo
_n3
_936773
049 _aBNPD
999 _c16063
_d16063